Penzijné a nemocenské poistenie

Gespeichert in:
Bibliographische Detailangaben
1. Verfasser: Škrovánková, Lea, 1954-
Körperschaft: Ekonomická univerzita v Bratislave. Fakulta hospodárskej informatiky
Weitere Verfasser: Bilíková, Mária, 1951-
Format: Buch
Sprache:Slowakisch
Veröffentlicht: Bratislava Ekonóm 2002
Schlagworte:
Tags: Tag hinzufügen
Keine Tags, Fügen Sie das erste Tag hinzu!

MARC

LEADER 00000nam a2200000 4500
001 c132839
005 20221124090803.1
020 |a 80-225-1532-9 
041 0 |a slo 
044 |a SK 
245 1 0 |a Penzijné a nemocenské poistenie  |c Lea Škrovánková, Mária Bilíková 
264 1 |a Bratislava  |b Ekonóm  |c 2002 
300 |a 175 s. 
610 2 0 |a poistenie 
610 2 0 |a poistenie dôchodkové 
610 2 0 |a poistenie nemocenské 
610 2 0 |a poistenie sociálne 
610 2 0 |a zabezpečenie dôchodkové 
610 2 0 |a zabezpečenie nemocenské 
610 2 0 |a Slovensko 
610 2 0 |a poisťovníctvo 
610 2 0 |a poisťovne sociálne 
610 2 0 |a poisťovne zdravotné 
610 2 0 |a fondy penzijné 
610 2 0 |a matematika poistná 
610 2 0 |a štatistika poistná 
610 2 0 |a aktuári 
610 2 0 |a modelovanie matematické 
610 2 0 |a reformy sociálne 
610 2 0 |a poistenie zdravotné 
610 2 0 |a predpisy právne 
610 2 0 |a porovnanie medzinárodné 
100 1 |a Škrovánková, Lea, 1954- 
700 1 |a Bilíková, Mária, 1951- 
710 2 |a Ekonomická univerzita v Bratislave. Fakulta hospodárskej informatiky